[Event "Ch World (match)"]
[Site "Ch World (match)"]
[Date "1978.??.??"]
[Round "29"]
[White "Korchnoi, Viktor L"]
[Black "Karpov, Anatoly"]
[Result "1-0"]
[WhiteElo "2665"]
[BlackElo "2725"]
[PlyCount "86"]
[EventDate "1978.??.??"]
[Source "www.chesslib.no"]
[SourceDate "2004.05.04"]

1. c4 Nf6 2. Nc3 e6 3. e4 c5 4. e5 Ng8 5. d4 cxd4 6. Qxd4 Nc6 7. Qe4 d6 8. Nf3 dxe5 9. Nxe5 Nf6 10. Nxc6 Qb6 11. Qf3 bxc6 12. Be2 Bb7 13. O-O c5 14. Qh3 Be7 15. Bf3 O-O 16. b3 Rfd8 17. Be3 Bc6 18. Na4 Qc7 19. Bxc6 Qxc6 20. Rad1 Rac8 21. Qg3 Bd6 22. Qh4 Be7 23. f3 Kf8 24. Qf2 Rxd1 25. Rxd1 Qc7 26. Qg3 Qxg3 27. hxg3 h5 28. Kf2 Ke8 29. Ke2 g6 30. Nc3 a6 31. Na4 Rc6 32. Rh1 Bd6 33. Bf2 Nd7 34. g4 hxg4 35. Rh8+ Ke7 36. fxg4 g5 37. Be3 f6 38. Nc3 Kf7 39. Rh7+ Kf8 40. Rh8+ Kf7 41. Bd2 Nf8 42. Rh1 Kg6 43. Rd1 f5 1-0

[Event "Reykjavik (m/11)"]
[Site "Reykjavik"]
[Date "1977.??.??"]
[Round "?"]
[White "Spassky, B."]
[Black "Hort, V."]
[Result "1/2-1/2"]
[WhiteElo "2630"]
[BlackElo "2620"]
[PlyCount "28"]
[EventDate "1977.??.??"]
[Source "www.chesslib.no"]
[SourceDate "2004.05.04"]

1. c4 Nf6 2. Nc3 e6 3. e4 c5 4. e5 Ng8 5. Nf3 Nc6 6. d4 cxd4 7. Nxd4 Nxe5 8. Ndb5 a6 9. Nd6+ Bxd6 10. Qxd6 f6 11. b3 Ne7 12. Bb2 O-O 13. O-O-O Nf7 14. Qg3 Nf5 1/2-1/2

[Event "Ch Slovakia"]
[Site "Banska Stiavnica (Slovakia)"]
[Date "2007.07.15"]
[Round "9"]
[White "Markos Jan (SVK)"]
[Black "Movsesian Sergei (SVK)"]
[Result "1/2-1/2"]
[WhiteElo "2559"]
[BlackElo "2667"]
[PlyCount "56"]
[EventDate "2007.??.??"]
[Source "www.chesslib.no"]
[SourceDate "2004.05.04"]

1. c4 Nf6 2. Nc3 e6 3. e4 c5 4. e5 Ng8 5. Nf3 Nc6 6. d4 cxd4 7. Nxd4 Nxe5 8. Ndb5 d6 9. Ne4 d5 10. cxd5 exd5 11. Qxd5 Bb4+ 12. Bd2 Qxd5 13. Nc7+ Kd8 14. Nxd5 Bxd2+ 15. Nxd2 Be6 16. Nf4 Nf6 17. Nxe6+ fxe6 18. Nc4 Nc6 19. h4 Ke7 20. Rh3 Rhd8 21. Rb3 Rd7 22. Ne3 Nd4 23. Rb4 Rad8 24. Rc1 b5 25. Bxb5 Rb7 26. a4 a6 27. Rcc4 axb5 28. Rxd4 Rbb8 1/2-1/2

[Event "Kstovo"]
[Site "Kstovo"]
[Date "1998.??.??"]
[Round "8"]
[White "Aleksandrov, Aleksej"]
[Black "Balashov, Yuri S"]
[Result "1/2-1/2"]
[WhiteElo "2615"]
[BlackElo "2555"]
[PlyCount "75"]
[EventDate "1998.??.??"]
[Source "www.chesslib.no"]
[SourceDate "2004.05.04"]

1. c4 Nf6 2. Nc3 e6 3. e4 c5 4. e5 Ng8 5. Nf3 Nc6 6. d4 cxd4 7. Nxd4 Nxe5 8. Ndb5 a6 9. Nd6+ Bxd6 10. Qxd6 f6 11. Be3 Ne7 12. Bb6 Nf5 13. Qc5 d6 14. Qa5 Qd7 15. f4 Nc6 16. Qa3 Nce7 17. g4 Qc6 18. Qa4 Bd7 19. Qxc6 Bxc6 20. Rg1 Nh4 21. O-O-O h5 22. h3 hxg4 23. hxg4 d5 24. Rg3 Rc8 25. Re3 Kf7 26. Kb1 Nhg6 27. f5 Ne5 28. fxe6+ Kxe6 29. g5 d4 30. Bxd4 Rcd8 31. gxf6 gxf6 32. Bh3+ Kf7 33. Bc5 Rxd1+ 34. Nxd1 N7g6 35. Nf2 Nf4 36. Bf1 Rg8 37. Nh3 Ne6 38. Bb6 1/2-1/2

[Event "2nd Viking GMA, York ENG"]
[Site "?"]
[Date "2000.??.??"]
[Round "5"]
[White "Hodgson, Ju"]
[Black "Barsov, A."]
[Result "1-0"]
[WhiteElo "2640"]
[BlackElo "2530"]
[PlyCount "83"]
[EventDate "2000.??.??"]
[Source "www.chesslib.no"]
[SourceDate "2004.05.04"]

1. c4 e6 2. Nc3 Nf6 3. e4 c5 4. e5 Ng8 5. Nf3 Nc6 6. d4 cxd4 7. Nxd4 Nxe5 8. Ndb5 f6 9. Be3 a6 10. Nd6+ Bxd6 11. Qxd6 Ne7 12. Bb6 Nf5 13. Qc5 d6 14. Qa5 Qd7 15. f4 Nc6 16. Qa3 Nce7 17. O-O-O Qc6 18. c5 Kf7 19. Be2 Ne3 20. Rd2 N3d5 21. Nxd5 Nxd5 22. Kb1 Nxf4 23. Bf3 d5 24. Rhd1 Qb5 25. Qe3 Ng6 26. Rxd5 exd5 27. Bxd5+ Kf8 28. c6 Ne5 29. cxb7 Bxb7 30. Bxb7 Rb8 31. a4 Qxa4 32. Qc5+ Kf7 33. Rd4 Qb5 34. Qc7+ Kg6 35. Qc2+ Kf7 36. Qc7+ Kg6 37. Qc2+ Kf7 38. Bd5+ Ke8 39. Bc7 Rb6 40. Bxe5 fxe5 41. Qc8+ Ke7 42. Qc7+ 1-0

[Event "Liechtenstein Open"]
[Site "Liechtenstein"]
[Date "1995.??.??"]
[Round "8"]
[White "Lerner, Konstantin Z"]
[Black "Rozentalis, Eduardas"]
[Result "1-0"]
[WhiteElo "2560"]
[BlackElo "2600"]
[PlyCount "107"]
[EventDate "1995.05.??"]
[Source "www.chesslib.no"]
[SourceDate "2004.05.04"]

1. c4 e6 2. Nc3 Nf6 3. e4 c5 4. e5 Ng8 5. Nf3 Nc6 6. d4 cxd4 7. Nxd4 Nxd4 8. Qxd4 d6 9. Bf4 dxe5 10. Qxd8+ Kxd8 11. Bxe5 Ne7 12. O-O-O+ Bd7 13. Be2 Nc6 14. Bg3 Be7 15. Ne4 Ke8 16. Rd2 e5 17. f4 Bf5 18. Nd6+ Bxd6 19. Rxd6 exf4 20. Bxf4 Rd8 21. Rhd1 Ke7 22. a3 f6 23. Bf3 Rxd6 24. Bxd6+ Kf7 25. g4 Be6 26. b3 Rd8 27. Kc2 g5 28. Kc3 Rd7 29. Rd2 Ke8 30. c5 Ne5 31. Re2 Kd8 32. Bxe5 fxe5 33. Rxe5 Bxb3 34. Rxg5 Ba2 35. Be4 Kc7 36. Rh5 Bg8 37. Re5 Rg7 38. Kd4 Rd7+ 39. Ke3 Bc4 40. Rh5 Bg8 41. Re5 Bc4 42. Bf5 Rg7 43. Re8 b5 44. Kd4 Bb3 45. Ke5 Rf7 46. Rh8 a5 47. Rxh7 Rxh7 48. Bxh7 b4 49. axb4 axb4 50. Kd4 Bd1 51. Bf5 Kc6 52. h4 b3 53. h5 Bc2 54. Kc3 1-0

[Event "Lone Pine Open"]
[Site "Lone Pine, CA USA"]
[Date "1979.??.??"]
[Round "8"]
[White "Korchnoi, Viktor L"]
[Black "Diesen, Mark C"]
[Result "1/2-1/2"]
[WhiteElo "2695"]
[BlackElo "2460"]
[PlyCount "71"]
[EventDate "1979.03.??"]
[Source "www.chesslib.no"]
[SourceDate "2004.05.04"]

1. c4 Nf6 2. Nc3 e6 3. e4 c5 4. e5 Ng8 5. d4 cxd4 6. Qxd4 Nc6 7. Qe4 Bb4 8. Bd2 d6 9. exd6 Nf6 10. Qh4 Bxd6 11. O-O-O Bd7 12. Nf3 h6 13. Nb5 Be7 14. Bd3 Nb4 15. Bxb4 Bxb4 16. Bc2 Qb8 17. Qd4 O-O 18. Nd6 Bxd6 19. Qxd6 Qxd6 20. Rxd6 Bc6 21. Ne5 Be4 22. f3 Bxc2 23. Kxc2 Rfd8 24. Rhd1 Rxd6 25. Rxd6 Rc8 26. Kd3 Kf8 27. b4 Ke7 28. Rd4 Rc7 29. h4 g5 30. a3 Nh5 31. hxg5 hxg5 32. Kc3 f6 33. Ng4 b6 34. Ne3 Nf4 35. Rd2 Rd7 36. Rxd7+ 1/2-1/2

[Event "Mind Sports Games - Blitz Ind KO"]
[Site "Pechino CINA"]
[Date "2008.10.05"]
[Round "1.2"]
[White "Kravtsiv, M."]
[Black "Banikas, H."]
[Result "0-1"]
[WhiteElo "2549"]
[BlackElo "2572"]
[PlyCount "83"]
[EventDate "2008.10.04"]
[Source "www.chesslib.no"]
[SourceDate "2004.05.04"]

1. c4 Nf6 2. Nc3 e6 3. e4 c5 4. e5 Ng8 5. f4 d6 6. Nf3 Nc6 7. d3 Nh6 8. g3 Nf5 9. Bg2 Be7 10. O-O O-O 11. Kh1 Rb8 12. Bd2 b6 13. Qe2 Bb7 14. exd6 Bxd6 15. Ne4 Ncd4 16. Nxd4 Nxd4 17. Qf2 Be7 18. Bc3 Qd7 19. Bxd4 Qxd4 20. Qxd4 cxd4 21. Nd2 b5 22. Bxb7 Rxb7 23. cxb5 Rxb5 24. Nc4 g6 25. Rac1 Rc8 26. Rc2 Kg7 27. Kg2 h5 28. Rfc1 Rbc5 29. Re1 Bf6 30. b3 Be7 31. Re4 Rd8 32. Re5 Rdd5 33. Ree2 Bf6 34. Red2 h4 35. Rb2 hxg3 36. hxg3 g5 37. b4 Rc8 38. Rf2 Rh8 39. a4 g4 40. b5 Rdh5 41. Kf1 Rxb5 42. Ke2 0-1

[Event "Moskva (open)"]
[Site "?"]
[Date "1991.??.??"]
[Round "?"]
[White "Chekhov, V."]
[Black "Balashov, Y."]
[Result "0-1"]
[WhiteElo "2525"]
[BlackElo "2590"]
[PlyCount "58"]
[EventDate "1991.??.??"]
[Source "ChessBase"]
[SourceDate "1991.06.01"]

1. c4 Nf6 2. Nc3 e6 3. e4 c5 4. e5 Ng8 5. d4 cxd4 6. Qxd4 Nc6 7. Qe4 d6 8. Nf3 dxe5 9. Nxe5 Bd7 10. Nxd7 Qxd7 11. Bg5 Nf6 12. Bxf6 gxf6 13. Rd1 Qc7 14. Be2 Bb4 15. Rc1 f5 16. Qe3 O-O-O 17. O-O Qe5 18. Qxe5 Nxe5 19. a3 Bxc3 20. Rxc3 Rd2 21. Re3 Ng6 22. b4 f4 23. Re4 f5 24. Rxe6 Kd7 25. Rxg6 hxg6 26. Bf3 b6 27. b5 Kd6 28. Re1 Rh7 29. h4 Rxh4 0-1

[Event "Beersheva-St.Petersburg"]
[Site "Beersheva"]
[Date "1998.??.??"]
[Round "4"]
[White "Huzman, Alexander"]
[Black "Yemelin, Vasily"]
[Result "1-0"]
[WhiteElo "2610"]
[BlackElo "2485"]
[PlyCount "45"]
[EventDate "1998.03.03"]
[Source "www.chesslib.no"]
[SourceDate "2004.05.04"]

1. c4 Nf6 2. Nc3 e6 3. e4 c5 4. e5 Ng8 5. Nf3 Nc6 6. d4 cxd4 7. Nxd4 Nxe5 8. Ndb5 f6 9. Be3 b6 10. f4 Nc6 11. f5 exf5 12. Nd5 Kf7 13. g4 g6 14. gxf5 Bh6 15. Bg2 Bxe3 16. Nxe3 Qe7 17. Qd2 Kg7 18. O-O-O Nh6 19. Rhe1 Qc5 20. b4 Qe5 21. Nc2 Qxf5 22. Bxc6 dxc6 23. Re7+ 1-0

[Event "Israel"]
[Site "?"]
[Date "1991.??.??"]
[Round "?"]
[White "Psakhis, L."]
[Black "Greenfeld, A."]
[Result "1/2-1/2"]
[WhiteElo "2575"]
[BlackElo "2515"]
[PlyCount "62"]
[EventDate "1991.??.??"]
[Source "ChessBase"]
[SourceDate "1992.02.01"]

1. c4 Nf6 2. Nc3 e6 3. e4 c5 4. e5 Ng8 5. Nf3 Nc6 6. d4 cxd4 7. Nxd4 Nxe5 8. Ndb5 a6 9. Nd6+ Bxd6 10. Qxd6 f6 11. Be3 Ne7 12. Bb6 Nf5 13. Qc5 d6 14. Qa5 Qd7 15. f4 Nc6 16. Qa3 Nce7 17. O-O-O Qc6 18. Qb3 Bd7 19. Rg1 d5 20. g4 Nd6 21. cxd5 Nxd5 22. Rxd5 exd5 23. Bg2 Ne4 24. Re1 Rc8 25. Kb1 Be6 26. Nxe4 dxe4 27. Bxe4 Bxb3 28. Bxc6+ Kf7 29. Be4 Bc4 30. b3 Bb5 31. Bd5+ Kg6 1/2-1/2

[Event "URS-FL"]
[Site "Frunze"]
[Date "1979.??.??"]
[Round "6"]
[White "Makarichev, Sergey"]
[Black "Tukmakov, Vladimir B"]
[Result "1/2-1/2"]
[WhiteElo "2500"]
[BlackElo "2575"]
[PlyCount "115"]
[EventDate "1979.??.??"]
[Source "ChessBase"]

1. c4 Nf6 2. Nc3 e6 3. e4 c5 4. e5 Ng8 5. d4 cxd4 6. Qxd4 Nc6 7. Qe4 d6 8. Nf3 dxe5 9. Nxe5 Nf6 10. Nxc6 Qb6 11. Qf3 bxc6 12. Bd3 Bb7 13. Qe2 c5 14. Bf4 Bd6 15. Bxd6 Qxd6 16. Rd1 Qc7 17. O-O O-O 18. Ne4 Bxe4 19. Bxe4 Rad8 20. Bb1 g6 21. g3 a5 22. Rfe1 Kg7 23. Qe3 Rxd1 24. Rxd1 Rd8 25. Bc2 Rxd1+ 26. Bxd1 Nd7 27. Ba4 Ne5 28. f4 Ng4 29. Qc3+ f6 30. Qd2 e5 31. h3 Nh6 32. Qd7+ Qxd7 33. Bxd7 Kf7 34. Kf2 Ke7 35. Bc6 Nf5 36. Be4 Nd4 37. Ke3 f5 38. Bd3 Kf6 39. h4 h6 40. a3 g5 41. hxg5+ hxg5 42. Bf1 gxf4+ 43. gxf4 exf4+ 44. Kxf4 Ne6+ 45. Ke3 Ke5 46. Be2 Ng5 47. Bd1 Ne4 48. Bf3 Nf6 49. Bc6 Ne4 50. Bd5 f4+ 51. Kd3 Nf2+ 52. Ke2 Ng4 53. Kd3 Nf2+ 54. Ke2 Ng4 55. Kd3 Ne3 56. Bf3 Nf5 57. Bh5 Nd4 58. Bd1 1/2-1/2

[Event "Clarin"]
[Site "Buenos Aires"]
[Date "1979.??.??"]
[Round "1"]
[White "Lombardy, William James"]
[Black "Panno, Oscar"]
[Result "1/2-1/2"]
[WhiteElo "2520"]
[BlackElo "2545"]
[PlyCount "45"]
[EventDate "1979.11.??"]
[Source "ChessBase"]

1. c4 Nf6 2. Nc3 e6 3. e4 c5 4. e5 Ng8 5. d4 cxd4 6. Qxd4 Nc6 7. Qe4 d6 8. Nf3 dxe5 9. Nxe5 Bd7 10. Nxd7 Qxd7 11. Bf4 Nf6 12. Qd3 Rd8 13. Qxd7+ Rxd7 14. Rc1 Bd6 15. Bxd6 Rxd6 16. c5 Rd7 17. Bb5 Ke7 18. Bxc6 bxc6 19. Ke2 Rb8 20. b3 Rb4 21. Rhd1 Nd5 22. Na4 e5 23. g3 1/2-1/2

[Event "Open di Natale"]
[Site "Zurigo SVI"]
[Date "2008.12.28"]
[Round "4"]
[White "Rusev, K."]
[Black "Georgiev, Vl"]
[Result "0-1"]
[WhiteElo "2541"]
[BlackElo "2517"]
[PlyCount "54"]
[EventDate "2008.12.26"]
[Source "www.chesslib.no"]
[SourceDate "2004.05.04"]

1. c4 Nf6 2. Nc3 c5 3. e4 e6 4. e5 Ng8 5. Nf3 Nc6 6. d4 cxd4 7. Nxd4 Nxe5 8. Ndb5 a6 9. Nd6+ Bxd6 10. Qxd6 f6 11. Be3 Ne7 12. Bb6 Nf5 13. Qc5 d6 14. Qa5 Qd7 15. f4 Nc6 16. Qa3 Nce7 17. O-O-O Qc6 18. Qb4 O-O 19. Rg1 a5 20. Qb3 a4 21. Qb4 a3 22. b3 e5 23. g4 Qf3 24. gxf5 Nc6 25. Rd3 Qxf4+ 26. Be3 Nxb4 27. Bxf4 Nxd3+ 0-1

[Event "Philadelphia"]
[Site "?"]
[Date "1989.??.??"]
[Round "?"]
[White "Miles, A."]
[Black "Gruenfeld, Y."]
[Result "1-0"]
[WhiteElo "2520"]
[BlackElo "2535"]
[PlyCount "75"]
[EventDate "1989.??.??"]
[Source "ChessBase"]
[SourceDate "1989.07.01"]

1. c4 Nf6 2. Nc3 e6 3. e4 c5 4. e5 Ng8 5. Nf3 Nc6 6. d4 cxd4 7. Nxd4 Nxe5 8. Ndb5 f6 9. Be3 a6 10. Nd6+ Bxd6 11. Qxd6 Ne7 12. Bb6 Nf5 13. Qc5 Qe7 14. Qa5 h5 15. O-O-O Kf7 16. c5 Nc6 17. Qa3 Qe8 18. Ne4 d5 19. cxd6 Ne5 20. Nc3 Bd7 21. f4 Ng4 22. Bd3 Qc8 23. Bxf5 exf5 24. Rhe1 Re8 25. Re7+ Kg6 26. Kb1 Qc6 27. h3 Rxe7 28. dxe7 Qxb6 29. hxg4 Bc6 30. gxf5+ Kxf5 31. Qd6 Re8 32. Nd5 Qf2 33. Nc7 Qxg2 34. Qc5+ Kxf4 35. Ne6+ Kg3 36. Qd6+ Kh4 37. Qf4+ Qg4 38. Qh2+ 1-0

[Event "DSV-Turnier"]
[Site "Berlin-Ost"]
[Date "1979.??.??"]
[Round "?"]
[White "Uhlmann, Wolfgang"]
[Black "Csom, Istvan"]
[Result "1/2-1/2"]
[WhiteElo "2530"]
[BlackElo "2510"]
[PlyCount "84"]
[EventDate "1979.??.??"]
[Source "www.chesslib.no"]
[SourceDate "2004.05.04"]

1. c4 Nf6 2. Nc3 e6 3. e4 c5 4. e5 Ng8 5. Nf3 Nc6 6. d4 cxd4 7. Nxd4 Nxe5 8. Ndb5 f6 9. Be3 a6 10. Nd6+ Bxd6 11. Qxd6 Ne7 12. Bb6 Nf5 13. Bxd8 Nxd6 14. Bc7 Ke7 15. c5 Ne8 16. Bb6 d5 17. cxd6+ Nxd6 18. Bc5 Nef7 19. O-O-O b5 20. Bd3 Bb7 21. Rhe1 Rac8 22. b4 e5 23. f4 g6 24. g4 Rhd8 25. g5 Ke6 26. Bf1 fxg5 27. fxe5 Nf5 28. Rxd8 Rxd8 29. a4 Nxe5 30. axb5 axb5 31. Bxb5 g4 32. Ne4 Nf3 33. Re2 N5d4 34. Bxd4 Nxd4 35. Nc5+ Kf6 36. Rd2 Bf3 37. Nd7+ Rxd7 38. Bxd7 Nb3+ 39. Kc2 Nxd2 40. Kxd2 h5 41. Ke3 Bb7 42. Kf4 g5+ 1/2-1/2

[Event "It"]
[Site "Hradec Kralove (Czech Republi"]
[Date "1979.??.??"]
[Round "?"]
[White "Uhlmann, Wolfgang"]
[Black "Pribyl, Josef"]
[Result "1/2-1/2"]
[WhiteElo "2575"]
[BlackElo "2455"]
[PlyCount "60"]
[EventDate "1979.??.??"]
[Source "www.chesslib.no"]
[SourceDate "2004.05.04"]

1. c4 Nf6 2. Nc3 e6 3. e4 c5 4. e5 Ng8 5. Nf3 Nc6 6. d4 cxd4 7. Nxd4 Nxe5 8. Ndb5 a6 9. Nd6+ Bxd6 10. Qxd6 f6 11. Be3 Ne7 12. Bb6 Nf5 13. Bxd8 Nxd6 14. Bc7 Ke7 15. c5 Ne8 16. Bb6 Nf7 17. O-O-O d5 18. cxd6+ Nexd6 19. Bc5 Rd8 20. Bd3 Bd7 21. Bxh7 Rac8 22. Ba3 Bc6 23. Rhe1 g5 24. g3 Bf3 25. Rd3 g4 26. Be4 Bxe4 27. Rxe4 f5 28. Red4 Rc6 29. f4 gxf3 30. Rxf3 Rh8 1/2-1/2

[Event "Sportland-NRW-Cup"]
[Site "Senden"]
[Date "1999.??.??"]
[Round "9"]
[White "Fridman, Daniel"]
[Black "Luther, Thomas"]
[Result "1-0"]
[WhiteElo "2525"]
[BlackElo "2505"]
[PlyCount "73"]
[EventDate "1999.10.??"]
[Source "www.chesslib.no"]
[SourceDate "2004.05.04"]

1. c4 e6 2. Nc3 Nf6 3. e4 c5 4. e5 Ng8 5. Nf3 Nc6 6. d4 cxd4 7. Nxd4 Nxe5 8. Ndb5 a6 9. Nd6+ Bxd6 10. Qxd6 f6 11. Be3 Ne7 12. Bb6 Nf5 13. Qb4 Qe7 14. Qxe7+ Nxe7 15. c5 d5 16. cxd6 Nd5 17. Nxd5 exd5 18. Rc1 Kd7 19. Rc7+ Kxd6 20. Rxg7 Bf5 21. Be3 Rac8 22. Rxb7 d4 23. Bxd4 Rc1+ 24. Kd2 Rhc8 25. Bc3 Rc2+ 26. Ke3 Re8 27. Kf4 Rxf2+ 28. Kg3 Rc2 29. Rb6+ Kd5 30. Rxf6 Rg8+ 31. Kh4 Be4 32. h3 Ng6+ 33. Kh5 Ne7 34. Bxa6 Bg6+ 35. Kh4 Nf5+ 36. Rxf5+ Bxf5 37. g4 1-0

[Event "Anibal Linares op"]
[Site "Linares"]
[Date "1998.01.23"]
[Round "4"]
[White "Kortschnoj, Viktor"]
[Black "Estrada Nieto, Julian"]
[Result "0-1"]
[WhiteElo "2625"]
[BlackElo "2395"]
[PlyCount "82"]
[EventDate "1998.01.20"]
[Source "www.chesslib.no"]
[SourceDate "2004.05.04"]

1. c4 Nf6 2. Nc3 e6 3. e4 c5 4. e5 Ng8 5. Nf3 d6 6. exd6 Bxd6 7. d4 cxd4 8. Nxd4 a6 9. Be3 Nf6 10. Be2 O-O 11. Qd2 Bb4 12. a3 Ne4 13. Qc2 Qa5 14. O-O Nxc3 15. Nb3 Nxe2+ 16. Qxe2 Qa4 17. axb4 Qxb3 18. Bc5 Nd7 19. Ra3 Nxc5 20. Rxb3 Nxb3 21. Qd3 e5 22. Qxb3 Be6 23. Qc3 Rfd8 24. b3 Rd4 25. Qe3 Rad8 26. Qxe5 b5 27. c5 Bxb3 28. c6 Rd2 29. c7 Rc8 30. Qe3 Rc2 31. Qxb3 R8xc7 32. Rd1 Rc8 33. Rd8+ Rxd8 34. Qxc2 g6 35. h4 h5 36. Qb2 Rd6 37. f3 Re6 38. g4 Rc6 39. Kf2 Rc4 40. gxh5 Rxh4 41. hxg6 Rh2+ 0-1

[Event "Kiel"]
[Site "Kiel GER"]
[Date "1979.??.??"]
[Round "5"]
[White "Vadasz, Laszlo"]
[Black "Parma, Bruno"]
[Result "1/2-1/2"]
[WhiteElo "2490"]
[BlackElo "2530"]
[PlyCount "32"]
[EventDate "1979.??.??"]
[Source "www.chesslib.no"]
[SourceDate "2004.05.04"]

1. c4 Nf6 2. Nc3 e6 3. e4 c5 4. e5 Ng8 5. Nf3 Nc6 6. d4 cxd4 7. Nxd4 Nxe5 8. Ndb5 a6 9. Nd6+ Bxd6 10. Qxd6 f6 11. Be3 Ne7 12. Bb6 Nf5 13. Bxd8 Nxd6 14. Bc7 Ke7 15. c5 Ne8 16. Bxe5 fxe5 1/2-1/2

[Event "Goteborg"]
[Site "Goteborg"]
[Date "1971.??.??"]
[Round "1"]
[White "Hort, Vlastimil"]
[Black "Kinnmark, Ove"]
[Result "1-0"]
[WhiteElo "2605"]
[BlackElo "2410"]
[PlyCount "103"]
[EventDate "1971.??.??"]
[Source "www.chesslib.no"]
[SourceDate "2004.05.04"]

1. c4 Nf6 2. Nc3 e6 3. e4 c5 4. Nf3 a6 5. e5 Ng8 6. d4 cxd4 7. Qxd4 Nc6 8. Qe4 d6 9. Bf4 dxe5 10. Nxe5 Nf6 11. Nxc6 Nxe4 12. Nxd8 Nxc3 13. Nxf7 Kxf7 14. bxc3 Bd7 15. Rd1 Ba4 16. Rd3 Be7 17. Be2 Rhc8 18. Be5 Bc6 19. O-O Rd8 20. Bd4 Bf6 21. Rfd1 e5 22. Bb6 Rxd3 23. Rxd3 e4 24. Rh3 h6 25. Kf1 Bg5 26. Bg4 a5 27. Be3 Bf6 28. Bd4 Bg5 29. Rg3 g6 30. Be3 Bxe3 31. Rxe3 a4 32. Bd1 Ra5 33. Bc2 Rc5 34. Bxe4 Rxc4 35. Bxc6 Rxc6 36. Ke2 Rb6 37. Kd3 Rb1 38. Kc2 Rf1 39. Re2 Rg1 40. f3 Rh1 41. h3 Kf6 42. Kb2 b5 43. c4 bxc4 44. Ka3 h5 45. Kxa4 Kf5 46. Kb4 Rc1 47. a4 Ra1 48. Re4 Ra2 49. g4+ hxg4 50. hxg4+ Kg5 51. Rxc4 Rb2+ 52. Ka3 1-0

[Event "Las Palmas"]
[Site "Las Palmas"]
[Date "1978.??.??"]
[Round "?"]
[White "Miles, Anthony J"]
[Black "Westerinen, Heikki MJ"]
[Result "0-1"]
[WhiteElo "2565"]
[BlackElo "2450"]
[PlyCount "144"]
[EventDate "1978.??.??"]
[Source "www.chesslib.no"]
[SourceDate "2004.05.04"]

1. c4 Nf6 2. Nc3 e6 3. e4 c5 4. e5 Ng8 5. Nf3 Nc6 6. d4 cxd4 7. Nxd4 Nxe5 8. Bf4 f6 9. Bxe5 fxe5 10. Qh5+ g6 11. Qxe5 Qf6 12. Qe4 Bc5 13. O-O-O Ne7 14. f4 O-O 15. g3 Rb8 16. Bg2 b5 17. Ndxb5 a6 18. Na4 Bb7 19. Qe2 Be3+ 20. Qxe3 Bxg2 21. Nd6 Bxh1 22. Rxh1 Rb4 23. Nc3 Nf5 24. Qc5 Rfb8 25. Nde4 Qg7 26. Qe5 Qxe5 27. fxe5 Rxc4 28. Nf6+ Kg7 29. Nxd7 Rd8 30. Nf6 Nd4 31. Re1 Nf3 32. Re2 Rc5 33. Nfe4 Rxe5 34. b4 Rb8 35. a3 Nd4 36. Re3 Nb5 37. Rd3 g5 38. Kb2 a5 39. Nc5 axb4 40. axb4 Nxc3 41. Kxc3 Re2 42. h3 h5 43. g4 h4 44. Rf3 Rb6 45. Kb3 Kg6 46. Kc4 Rc2+ 47. Rc3 Rxc3+ 48. Kxc3 Kf7 49. Kc4 Rd6 50. Ne4 Rd5 51. b5 Ke7 52. Nc3 Rd2 53. Ne4 Rh2 54. Nxg5 Kd6 55. Kd4 Rd2+ 56. Kc4 Rc2+ 57. Kd3 Rb2 58. Kc4 Rh2 59. Kd4 e5+ 60. Ke4 Re2+ 61. Kd3 Rh2 62. Kc4 Rh1 63. Ne4+ Kc7 64. Ng5 Rd1 65. Kc5 Rd3 66. Ne6+ Kc8 67. Ng5 Kb7 68. b6 e4 69. Nxe4 Rxh3 70. Kd4 Ra3 71. Ke5 h3 72. Nf2 h2 0-1

[Event "El Corte Ingles"]
[Site "?"]
[Date "1987.??.??"]
[Round "5"]
[White "Sunye, J."]
[Black "Illescas"]
[Result "1-0"]
[WhiteElo "2490"]
[BlackElo "2520"]
[PlyCount "108"]
[EventDate "1987.??.??"]
[Source "www.chesslib.no"]
[SourceDate "2004.05.04"]

1. c4 Nf6 2. Nc3 e6 3. e4 c5 4. e5 Ng8 5. d4 cxd4 6. Qxd4 Nc6 7. Qe4 d6 8. Nf3 dxe5 9. Nxe5 Nxe5 10. Qxe5 Nf6 11. Bf4 Nd7 12. Qe3 Bc5 13. Qg3 Nf6 14. Be2 O-O 15. O-O Bd7 16. Rad1 Qe7 17. a3 a5 18. Bf3 Bc6 19. Bh6 Ne8 20. Bxc6 bxc6 21. Ne4 f6 22. Nxc5 Qxc5 23. Rd7 Rf7 24. Rfd1 Qh5 25. Be3 e5 26. Bb6 Rxd7 27. Rxd7 Qe2 28. Qc3 Rb8 29. c5 f5 30. Qd2 Qe4 31. h3 Nf6 32. Ra7 f4 33. Qd6 Rf8 34. Qe7 Qg6 35. Qe6+ Kh8 36. Qxc6 h6 37. Ra8 Rxa8 38. Qxa8+ Kh7 39. Qf3 Qb1+ 40. Kh2 Qxb2 41. Bxa5 Qc2 42. c6 e4 43. Qxf4 Qxc6 44. Bc7 Kg8 45. Be5 Nd7 46. Bb2 Qc2 47. Bd4 Qc6 48. Qg3 Nf6 49. a4 h5 50. a5 h4 51. Qb8+ Kh7 52. Qf4 Nh5 53. Qf5+ g6 54. Qf7+ Kh6 1-0

[Event "Stip"]
[Site "Stip"]
[Date "1977.11.??"]
[Round "6"]
[White "Quinteros, Miguel A"]
[Black "Sofrevski, Jovan"]
[Result "1/2-1/2"]
[WhiteElo "2555"]
[BlackElo "2435"]
[PlyCount "129"]
[EventDate "1977.11.??"]
[Source "www.chesslib.no"]
[SourceDate "2004.05.04"]

1. c4 Nf6 2. Nc3 e6 3. e4 c5 4. e5 Ng8 5. Nf3 Nc6 6. d4 cxd4 7. Nxd4 Nxe5 8. Ndb5 f6 9. Be3 a6 10. Nd6+ Bxd6 11. Qxd6 Ne7 12. Bb6 Nf5 13. Bxd8 Nxd6 14. Bc7 Ke7 15. c5 Ne8 16. Bb6 d5 17. cxd6+ Nxd6 18. O-O-O Nef7 19. Be2 Bd7 20. Rd2 Rhc8 21. Rhd1 Ba4 22. Re1 Ne4 23. Rd4 Bc6 24. Bd3 f5 25. Bxe4 Bxe4 26. f3 Bc6 27. Rd2 Re8 28. f4 g5 29. g3 Kf6 30. Bd4+ Kg6 31. Rde2 Bd7 32. b3 Rac8 33. Kb2 b5 34. a3 h6 35. Rd2 Rc6 36. Be3 Bc8 37. Bd4 Rd8 38. Nb1 Rcd6 39. Bc3 Rd3 40. Rxd3 Rxd3 41. Nd2 Kh5 42. Kc2 Rd5 43. h3 Rd8 44. Re3 Rg8 45. Be5 gxf4 46. gxf4 Nh8 47. Bd6 Ng6 48. Nf1 Nh8 49. Ng3+ Kg6 50. Ne2 Rd8 51. Be5 Kf7 52. Rc3 Ng6 53. Rc7+ Ne7 54. Nd4 Rd7 55. Rxd7 Bxd7 56. Kd2 Bc6 57. Ke3 Bg2 58. h4 Ng6 59. Kf2 Bd5 60. Kg3 Nxe5 61. fxe5 Kg6 62. b4 Bc4 63. Nc2 Bd3 64. Nd4 Bc4 65. Nc2 1/2-1/2

[Event "Metz FRA"]
[Site "?"]
[Date "2006.04.25"]
[Round "4"]
[White "Wirig Anthony"]
[Black "Postny Evgeny"]
[Result "1/2-1/2"]
[WhiteElo "2409"]
[BlackElo "2572"]
[PlyCount "32"]
[EventDate "2006.??.??"]
[Source "www.chesslib.no"]
[SourceDate "2004.05.04"]

1. c4 Nf6 2. Nc3 e6 3. e4 c5 4. e5 Ng8 5. Nf3 Nc6 6. d4 cxd4 7. Nxd4 Nxe5 8. Ndb5 a6 9. Nd6+ Bxd6 10. Qxd6 f6 11. Be3 Ne7 12. Bb6 Nf5 13. Qb4 Nc6 14. Qc5 Qe7 15. Qxe7+ Kxe7 16. c5 Ne5 1/2-1/2

[Event "Ch team"]
[Site "Rostov on Don"]
[Date "1980.??.??"]
[Round "?"]
[White "Tukmakov, Vladimir B"]
[Black "Zhidkov, Valery S"]
[Result "1/2-1/2"]
[WhiteElo "2560"]
[BlackElo "2420"]
[PlyCount "81"]
[EventDate "1980.??.??"]
[Source "www.chesslib.no"]
[SourceDate "2004.05.04"]

1. c4 Nf6 2. Nc3 e6 3. e4 c5 4. e5 Ng8 5. Nf3 Nc6 6. d4 cxd4 7. Nxd4 Nxe5 8. Bf4 f6 9. Bxe5 fxe5 10. Qh5+ g6 11. Qxe5 Qf6 12. Qe3 Bh6 13. Qd3 Ne7 14. Be2 O-O 15. O-O a6 16. Rad1 Rb8 17. Bf3 Nc6 18. Ne4 Qxd4 19. Qxd4 Nxd4 20. Rxd4 Bg7 21. Rd2 Bh6 22. Rd3 Bg7 23. b3 b5 24. c5 a5 25. Rc1 b4 26. Rdd1 Rf4 27. Nd6 Bc3 28. Be4 Ba6 29. g3 Rff8 30. Rc2 Bb5 31. a4 Ba6 32. Bd3 Bb7 33. Be4 Ba6 34. Bg2 Rfd8 35. Bf1 Bb7 36. Bg2 Ba6 37. Ne4 Rbc8 38. Rd6 Bb7 39. Nf6+ Bxf6 40. Bxb7 Rc7 41. Be4 1/2-1/2